| 000 | 01315nam a22003137a 4500 | ||
|---|---|---|---|
| 999 |
_c16291 _d16291 |
||
| 003 | EG-ScBUE | ||
| 005 | 20200129124114.0 | ||
| 008 | 111205s2004 ua f be 00000 ara d | ||
| 017 | _a2004 / 19994 | ||
| 040 |
_aEG-ScBUE _bara _erda _cEG-ScBUE _dEG-ScBUE |
||
| 082 | 0 | 4 |
_a039.927 _bق ل ق _222 |
| 100 | 1 |
_aقلقشندي، أحمد بن علي بن أحمد، _d821-756 هـ، _eمؤلف. |
|
| 245 | 1 | 0 |
_aكتاب صبح الأعشى / _cتأليف أبي العباس أحمد القلقشندي ؛ قدم هذه الطبعة أ. د فوزي محمد أمين. |
| 246 | 3 | 0 | _aصبح الأعشى |
| 250 | _aطبعة مصورة عن طبعة دار الكتب الخديوية. | ||
| 264 | 1 |
_aالقاهرة : _bالهيئة العامة لقصور الثقافة، _c2004. |
|
| 300 |
_a12 مجلد ؛ _c24 سم. |
||
| 336 |
_2rdacontent _aنص _btxt |
||
| 337 |
_2rdamedia _aبدون وسيط _bn |
||
| 338 |
_2rdacarrier _aمجلد _bnc |
||
| 490 | 0 |
_aالذخائر ؛ _v141-130 |
|
| 504 | _aيشتمل على إرجاعات ببليوجرافية. | ||
| 650 | 7 |
_aدوائر المعارف العربية. _2BUEsh _916813 |
|
| 651 | _2BUEsh | ||
| 653 |
_bGGEN _cNovember2011 _cJanuary2018 |
||
| 655 | _vReading book | ||
| 700 | 1 |
_aأمين، فوزي محمد، _d1941- _eمقدم. _913632 |
|
| 942 | _2ddc | ||